Synonyme de Pénis - Mort Subite - Statistiques

Statistiques générales
  • Ce quiz a été pris 3 234 fois
  • Le résultat moyen est 4 sur 15
Answers on the Grid
Answers color-coded by a green-red scale on the quiz's grid according to % correct below.
La Lambruche
La Verge
La Queue
Le Zizi
La Couille
Le Manche
La Teub
Le Thermomètre à Moustache
Le Câble HDMI
Le Kiki
La Quequette
La Biroute
Le Phallus
Le Braquemart
La Bistouquette
La Trique
L'Épée de Charlemagne
Le Gland
Le Scrotum
Le Bâton
Le Mégatron
Le Nez de Pinocchio
Le Zboub
La Gaule
LeBron James
La Prostate
Les Bijoux de famille
L'Urètre
Le Pubis
La Rue à Sens Unique
Les Châteaux de la Loire
Le Priape
 
Statistiques - réponses
Réponse % Correct
Le Zizi
52%
La Teub
46%
Le Kiki
44%
La Queue
41%
Le Zboub
39%
La Quequette
34%
La Verge
32%
Le Phallus
30%
La Bistouquette
27%
Le Braquemart
26%
Le Manche
17%
La Biroute
10%
Le Thermomètre à Moustache
4%
Le Priape
3%
La Lambruche
1%
Aucun quiz correspondant
Distribution des résultats
% des personnes avec chaque résultat
Percentile par nombre de réponses
Votre historique - résultats
Vous n’avez pas pris ce quiz